Ewige Tabelle Fußball-Bundesliga Österreich - Statistiken

Allgemein
  • Dieses Quiz wurde 2.606 mal gespielt
    1.966 seit der letzten Aktualisierung
  • Das Durchschnittsergebnis liegt bei 13 aus 30
Antwortstatistiken
Platzierung Verein % Korrekt
4 FC Red Bull Salzburg
98%
1 SK Rapid Wien
98%
2 FK Austria Wien
95%
5 SK Sturm Graz
87%
20 Wolfsberger AC
80%
9 LASK
76%
18 SK Austria Klagenfurt
66%
8 FC Wacker Innsbruck
61%
10 Grazer AK
61%
3 FC Admira Wacker Mödling
60%
22 SC Rheindorf Altach
55%
28 SKN Sankt Pölten
54%
15 SV Ried
54%
7 First Vienna FC 1894
49%
14 FC Blau-Weiß Linz
43%
19 SV Mattersburg
42%
25 Schwarz-Weiß Bregenz
33%
21 SC Wiener Neustadt
29%
13 Floridsdorfer AC
28%
6 Wiener Sport-Club
27%
23 Kapfenberger SV
25%
24 SC Eisenstadt
14%
16 1. Simmeringer SC
4%
17 FC Wien
4%
12 Wiener AC
4%
26 SC Hakoah Wien
3%
11 SC Wacker Wien
3%
30 ASV Hertha Wien
2%
27 Wiener AF
2%
29 SpC Rudolfshügel
1%
Keine übereinstimmenden Quizze gefunden
Verteilung der Resultate
Anzahl Personen mit jedem Resultat
Perzentil nach korrekt beantworteten Fragen
Ihre Resultats-Entwicklung
Sie haben dieses Quiz seit der letzten Aktualisierung nicht gespielt